Paese da un suo Calciatore - Statistics

Statistiche generali
  • Questo quiz è stato fatto 138 volte
  • Il punteggio medio è 45 su 51
Statistiche sulle risposte
Calciatore Paese % Corretto
Diego Maradona Argentina
100%
Kevin De Bruyne Belgio
99%
Pelé Brasile
97%
Edin Džeko Bosnia ed Erzegovina
96%
Arturo Vidal Cile
96%
Luka Modrić Croazia
96%
Mohamed Salah Egitto
96%
Zinedine Zidane Francia
96%
Paolo Maldini Italia
96%
Christian Eriksen Danimarca
95%
Manuel Neuer Germania
95%
Yūto Nagatomo Giappone
95%
David Beckham Inghilterra
95%
Cristiano Ronaldo Portogallo
95%
Pavel Nedvěd Cechia
94%
Gareth Bale Galles
94%
Robert Lewandowski Polonia
94%
Sergio Ramos Spagna
94%
Zlatan Ibrahimović Svezia
94%
Heung-min Son Corea del Sud
93%
Erling Haaland Norvegia
93%
Johan Cruijff Paesi Bassi
93%
Andriy Shevchenko Ucraina
93%
Henrix Mxit'aryan Armenia
92%
Samuel Eto'o Camerun
92%
Achraf Hakimi Marocco
92%
Hakan Calhanoglu Turchia
92%
Luis Suárez Uruguay
92%
Riyad Mahrez Algeria
91%
Khvicha K'varatskhelia Georgia
91%
Stephan Lichtsteiner Svizzera
91%
Didier Drogba Costa d’Avorio
90%
Robbie Keane Irlanda
90%
Christian Pulisic Stati Uniti
90%
Ferenc Puskás Ungheria
89%
Marek Hamšík Slovacchia
87%
René Higuita Colombia
86%
Dejan Stanković Serbia
86%
Keylor Navas Costa Rica
85%
George Best Irlanda del Nord
85%
Hristo Stoichkov Bulgaria
82%
Lev Jašin Russia
82%
Sadio Mané Senegal
82%
Gheorghe Hagi Romania
80%
George Weah Liberia
78%
Hugo Sánchez Messico
76%
Kenny Dalglish Scozia
75%
Roque Santa Cruz Paraguay
64%
Ali Daei Iran
60%
Teófilo Cubillas Perù
60%
Marco Etcheverry Bolivia
59%
Nessun quiz corrispondente trovato
Distribuzione punteggi
Percentuale di utenti per punteggio
Percentile per numero di risposta
I tuoi punteggi nel tempo
Non hai fatto questo quiz